=LDR 00000nam 2200000 4500 =001 INLIS000000000025101 =005 20201124073901 =035 ##$$a 0010-061300000025101 =008 201124################g##########0#ind## =041 ##$$a Ind =082 ##$$a 320.507 =090 ##$$a 320.507, Abd p =245 ##$$a Penuntun belajar PPKN 2 untuk SMU kelas 2, Abdulkarin =260 ##$$a Bandung,$c 1995 =300 ##$$a 250 hlm ; $c 21x14 cm =650 #4$$a PPkn =850 ##$$a NBPNMAT =084 ##$$a 320.507 PEN =250 ##$$a cet.1 =990 ##$$a 110.253/Pb.97 =990 ##$$a 00053298 =990 ##$$a 1039744 =990 ##$$a 00053298 =990 ##$$a 110.253/Pb.97 =990 ##$$a 1039744 =990 ##$$a 110.253/Pb.97 =990 ##$$a 00053298 =990 ##$$a 1039744